El agua que bebemos. La necesidad de un nuevo sistema de tarifas en Espaą /

Bibliographic Details
Main Author: Sǹchez Garca̕, Victoria Eugenia
Format: eBook
Language:Spanish
Published: Madrid Dykinson 2014
Subjects:
Online Access:Acceso restringido

MARC

LEADER 00000nam a22000007a 4500
005 20151001120950.0
007 cr|||| ||u|
008 151001s2014 sp |||||s|||| 00||0 spa d
020 |a 978-84-9085-136-4 
035 |a 12865 
040 |a vLex 
090 |c 5571  |d 5571 
100 1 |a Sǹchez Garca̕, Victoria Eugenia 
245 1 3 |a El agua que bebemos.   |h [Recurso electrn̤ico] :  |b La necesidad de un nuevo sistema de tarifas en Espaą /  |c Victoria Eugenia Sǹchez Garca̕  
256 |a Servicio en ln̕ea 
260 |a Madrid  |b Dykinson  |c 2014 
300 |a 1 recurso electrn̤ico 
500 |a La primera parte, titulada estado del recurso agua en Europa y Espaą, presenta los distintos aspectos tčnicos, sociales y econm̤icos relacionados con la cantidad y calidad de los recursos hd̕ricos existentes y las previsiones de futuro que incidirǹ sobre su disponibilidad, como es el caso de las previsiones de evolucin̤ de las urbes y los efectos estimados del cambio climt̀ico sobre los pas̕es europeos. En la segunda parte del libro, aproximacin̤ al rǧimen jurd̕ico-administrativo de la gestin̤ y abastecimiento del agua urbana y sus aspectos econm̤icos, se aborda de forma sucinta el marco regulador europeo, para descender al m̀bito espaǫl, finalizando con la regulacin̤ local. La tercera parte, valor del agua y el sistema tarifario espaǫl, donde se repasan los aspectos relativos a la valoracin̤ econm̤ica del agua, modelos de estudios realizados sobre el agua de consumo domštico y se presentan los casos de estudio para analizar lo que est ̀sucediendo en importantes ciudades espaǫlas. El libro se cierra con un epl̕ogo, en el que se recogen las principales conclusiones extrad̕as de los trabajos de estudio y anl̀isis de la situacin̤ del recurso, el marco regulador y, ms̀ concretamente de la idoneidad del sistema tarifario espaǫl. 
506 |a Contenido solo disponible en los productos indicados  |d vLex Global  |d vLex Global (Academic Edition, excluding Law Schools)  |d vLex Global (U.S. Academic Edition, Law Schools)  |d vLex Global (U.S. Academic Edition, excluding Law Schools)  |d vLex Global (Academic Edition, Law Schools) 
650 0 4 |a Agua  |x abastecimiento  |z Espaą 
740 0 |a vLex libros (Servicio en ln̕ea) 
856 4 0 |u http://vlex.com/source/agua-que-bebemos-la-necesidad-de-un-nuevo-sistema-de-tarifas-en-espa-a-12865  |z Acceso restringido 
942 |c BOOK 
999 0 |a Water